<?xml version="1.0" encoding="UTF-8"?><?xml-stylesheet type="text/xsl" href="static/style.xsl"?><OAI-PMH xmlns="http://www.openarchives.org/OAI/2.0/" xmlns:xsi="http://www.w3.org/2001/XMLSchema-instance" xsi:schemaLocation="http://www.openarchives.org/OAI/2.0/ http://www.openarchives.org/OAI/2.0/OAI-PMH.xsd"><responseDate>2026-06-30T16:47:51Z</responseDate><request verb="GetRecord" identifier="oai:riubu.ubu.es:10259/7645" metadataPrefix="marc">https://riubu.ubu.es/oai/request</request><GetRecord><record><header><identifier>oai:riubu.ubu.es:10259/7645</identifier><datestamp>2024-05-13T06:50:52Z</datestamp><setSpec>com_10259_7641</setSpec><setSpec>com_10259_7183</setSpec><setSpec>com_10259.4_106</setSpec><setSpec>com_10259_2604</setSpec><setSpec>col_10259_7642</setSpec></header><metadata><record xmlns="http://www.loc.gov/MARC21/slim" xmlns:doc="http://www.lyncode.com/xoai" xmlns:xsi="http://www.w3.org/2001/XMLSchema-instance" xmlns:dcterms="http://purl.org/dc/terms/" xsi:schemaLocation="http://www.loc.gov/MARC21/slim http://www.loc.gov/standards/marcxml/schema/MARC21slim.xsd">
<leader>00925njm 22002777a 4500</leader>
<datafield tag="042" ind1=" " ind2=" ">
<subfield code="a">dc</subfield>
</datafield>
<datafield tag="720" ind1=" " ind2=" ">
<subfield code="a">Puente Torre, Paula</subfield>
<subfield code="e">author</subfield>
</datafield>
<datafield tag="260" ind1=" " ind2=" ">
<subfield code="c">2022</subfield>
</datafield>
<datafield tag="520" ind1=" " ind2=" ">
<subfield code="a">Uno de los principales restos actuales en el sistema educativo es garantizar la calidad de la educación de todos los estudiantes. La incorporación a las aulas del alumnado con necesidades educativas especiales ha sido un logro; pero se debe garantizar que puedan formar parte en los procesos de enseñanza-aprendizaje y que reciban una educación apropiada a sus capacidades. Un Diseño Universal de Aprendizaje hace frente a la diversidad en el aula mediante la promoción de modificaciones en los currículos, dirigidas a ofrecer opciones y a flexibilizar objetivos, contenidos, materiales y métodos de evaluación. Para todo ello se presenta una propuesta realizada bajo los principios y pautas del DUA y enfocada a tres áreas académicas troncales destinada a personas con Síndrome de Asperger.</subfield>
</datafield>
<datafield tag="024" ind2=" " ind1="8">
<subfield code="a">978-84-1122-468-0</subfield>
</datafield>
<datafield tag="024" ind2=" " ind1="8">
<subfield code="a">http://hdl.handle.net/10259/7645</subfield>
</datafield>
<datafield ind1=" " ind2=" " tag="653">
<subfield code="a">Diseño Universal de Aprendizaje</subfield>
</datafield>
<datafield ind1=" " ind2=" " tag="653">
<subfield code="a">Procesos de enseñanza-aprendizaje</subfield>
</datafield>
<datafield ind1=" " ind2=" " tag="653">
<subfield code="a">Síndrome de Asperger</subfield>
</datafield>
<datafield tag="245" ind1="0" ind2="0">
<subfield code="a">Diseño Universal para el Aprendizaje aplicado a personas con Trastorno del espectro autista (TEA) Síndrome de asperger</subfield>
</datafield>
</record></metadata></record></GetRecord></OAI-PMH>